<?xml version="1.0" encoding="UTF-8"?><?xml-stylesheet type="text/xsl" href="static/style.xsl"?><OAI-PMH xmlns="http://www.openarchives.org/OAI/2.0/" xmlns:xsi="http://www.w3.org/2001/XMLSchema-instance" xsi:schemaLocation="http://www.openarchives.org/OAI/2.0/ http://www.openarchives.org/OAI/2.0/OAI-PMH.xsd"><responseDate>2026-06-02T08:12:12Z</responseDate><request verb="GetRecord" identifier="oai:riuma.uma.es:10630/33140" metadataPrefix="marc">https://riuma.uma.es/rest/oai/request</request><GetRecord><record><header><identifier>oai:riuma.uma.es:10630/33140</identifier><datestamp>2026-02-03T11:21:02Z</datestamp><setSpec>com_10630_2254</setSpec><setSpec>col_10630_37953</setSpec></header><metadata><record xmlns="http://www.loc.gov/MARC21/slim" xmlns:dcterms="http://purl.org/dc/terms/" xmlns:doc="http://www.lyncode.com/xoai" xmlns:xsi="http://www.w3.org/2001/XMLSchema-instance" xsi:schemaLocation="http://www.loc.gov/MARC21/slim http://www.loc.gov/standards/marcxml/schema/MARC21slim.xsd">
   <leader>00925njm 22002777a 4500</leader>
   <datafield ind2=" " ind1=" " tag="042">
      <subfield code="a">dc</subfield>
   </datafield>
   <datafield ind2=" " ind1=" " tag="720">
      <subfield code="a">Machuca Prieto, Francisco</subfield>
      <subfield code="e">author</subfield>
   </datafield>
   <datafield ind2=" " ind1=" " tag="260">
      <subfield code="c">2014</subfield>
   </datafield>
   <datafield ind2=" " ind1=" " tag="520">
      <subfield code="a">En este artículo se aborda el papel que juega la teoría poscolonial en relación al estudio del mundo antiguo y sus imbricaciones con las ciencias históricas, en especial con la Arqueología, a la hora de abordar el colonialismo en la Antigüedad. En los últimos años, las aproximaciones poscoloniales han originado que, además de prestarse mayor atención al rol activo que los arqueólogos han desempeñado en la construcción de discursos coloniales y creación de identidades, se empiecen a tener en cuenta nuevas cuestiones vinculadas a las situaciones y contextos coloniales del pasado, como las hibridaciones y la emergencia de la agencia local. Esto hace, desde una perspectiva arqueológica, que se otorgue una nueva dimensión a los aspectos materiales del colonialismo.</subfield>
   </datafield>
   <datafield ind1="8" ind2=" " tag="024">
      <subfield code="a">Machuca Prieto, F. (2014). Viejos problemas, nuevos enfoques: las aportaciones de la teoría poscolonial al estudio de la Antigüedad. Revista Historia Autónoma, (4), 33–46. https://doi.org/10.15366/rha2014.4.002</subfield>
   </datafield>
   <datafield ind1="8" ind2=" " tag="024">
      <subfield code="a">https://hdl.handle.net/10630/33140</subfield>
   </datafield>
   <datafield tag="653" ind2=" " ind1=" ">
      <subfield code="a">Postcolonialismo - Influencia clásica</subfield>
   </datafield>
   <datafield ind2="0" ind1="0" tag="245">
      <subfield code="a">Viejos problemas, nuevos enfoques: las aportaciones de la teoría poscolonial al estudio de la Antigüedad.</subfield>
   </datafield>
</record>
</metadata></record></GetRecord></OAI-PMH>